Statistics for Cuba Country Quiz

Click here to take the quiz!

General Stats

  • This quiz has been taken 22,757 times
    (15,430 since last reset)
  • The average score is 16 of 22

Answer Stats

ClueAnswer% Correct
Capital cityHavana
99%
Official languageSpanish
99%
Cuba borders this seaCaribbean Sea
95%
Leader of the Cuban RevolutionFidel Castro
91%
CurrencyPeso
90%
... and this gulfGulf of Mexico
90%
Site of a failed invasion
planned by the U.S.
Bay of {Pigs}
88%
1962 Cold War crisisCuban {Missile}
Crisis
86%
Most popular sportBaseball
86%
Beret-wearing Marxist revolutionaryChe Guevara
84%
U.S. naval base in CubaGuantánamo Bay
81%
Political party that controls CubaCommunist
81%
This was abolished in 1886Slavery
81%
Cuba's most famous export productCigars
80%
Cuba is part of this island groupGreater {Antilles}
75%
Cocktail made from rum,
lime, and mint
Mojito
61%
Rum is made from this plantSugarcane
60%
Dance popularized by Pérez Prado
(hint: starts with M)
Mambo
48%
Dictator overthrown in 1959Fulgencio Batista
41%
Largest public squarePlaza de la
{Revolución}
36%
Second-largest citySantiago de Cuba
27%
Most famous cabaret and nightclub
(hint: starts with T)
Tropicana
23%

Score Distribution

Percentile by Number Answered

Percent of People with Each Score

Your Score History

You have not taken this quiz since the last reset